000 01665cam a22004574i 4500
003 PE-LiUPU
005 20250731173520.0
008 150616s r 000 0 d
020 _a0917851668
035 _a(Sirsi) i9780917851667
040 _aPE-LiUPU
_bspa
_cPE-LiUPU
_erda
049 _aPRUA
082 0 4 _a248.3
_bT44
_221
100 1 _aTeykl, Terry,
_eautor.
245 1 0 _aMakin Room to Pray.
264 1 _aAnderson :
_bBristol Books,
_c1993.
300 _a157 páginas ;
_c29 centímetros
336 _atext
_2rdacontent
337 _aunmediated
_2rdamedia
338 _avolume
_2rdacarrier
505 0 _aThe Upper Room Principle.- Who's Making Room to Pray and What's Happening.- Corporate Prayer and the Holy Spirit.- Persuading Leaders to Make Room to Pray.- Steps to Making Room to Pray.- Prayer Center Telephone Ministry.- A Suggested Plan For City-Wide Prayer.- What are we Going to do with the Junk?.
526 _aSEG42
526 _aSEG41
526 _aSEG40
526 _aSEG39
526 _aP94
526 _aP87
526 _aP86
526 _aP85
526 _aP77
526 _aP76
526 _aP35
650 0 4 _aORACION PERSONAL.
910 _ajck
_bjvq
_cjck
942 _2ddc
_cBOOK
949 _a248.3 T44
_wDEWEY
_c1
_i41864
_lCCODEBUL1
_mBUL
_r0
_sY
_tBOOK
_u2015-6-16
_xTEOLOGIA
_zUNKNOWN
_0COMPRA
_o.STAFF. Colección General
994 _aC0
_bPEPRU
596 _a1
999 _a248.3 T44
_wDEWEY
_c59626
_i41864
_f2021-11-11
_g5
_lCCODEBUL1
_mBUL
_r0
_sY
_tBOOK
_u2015-6-16
_xTEOLOGIA
_zUNKNOWN
_0COMPRA
_o.STAFF. Colección General
_d59626
980 _81
_gALBERTO SANCHEZ Responsable de Automatización